ACCOUNTING (Record no. 215839)

MARC details
000 -LEADER
fixed length control field 00457nam a22001577a 4500
008 - FIXED-LENGTH DATA ELEMENTS--GENERAL INFORMATION
fixed length control field 250708b |||||||| |||| 00| 0 eng d
020 ## - INTERNATIONAL STANDARD BOOK NUMBER
International Standard Book Number 978-1-84480-805-2
100 ## - MAIN ENTRY--PERSONAL NAME
Personal name Hodge, Robert
245 ## - TITLE STATEMENT
Title ACCOUNTING
Remainder of title A Foundation
260 ## - PUBLICATION, DISTRIBUTION, ETC.
Place of publication, distribution, etc. LONDON
Name of publisher, distributor, etc. Cengage Learning EMEA
Date of publication, distribution, etc. 2008,
300 ## - PHYSICAL DESCRIPTION
Extent XXII,676P.
500 ## - GENERAL NOTE
General note INCLUDES INDEX
650 ## - SUBJECT ADDED ENTRY
Topical term or geographic name entry element 1. ACCOUNTING, MANAGEMENT ACCOUNTING 2. FINANCIAL ACCOUNTING
942 ## - ADDED ENTRY ELEMENTS (KOHA)
Source of classification or shelving scheme Library of Congress Classification
Koha item type Long Loan Book
Holdings
Withdrawn status Lost status Source of classification or shelving scheme Damaged status Not for loan Collection Home library Current library Date acquired Inventory number Total checkouts Full call number Barcode Date last seen Copy number Price effective from Koha item type Shelving location Date last checked out
    Library of Congress Classification     Business & Economics Kisii University Library Kisii University Library 07/08/2025 108972   HF 5635 .H63 2008 000000018207 07/08/2025 1 07/08/2025 Long Loan Book    
    Library of Congress Classification     Business & Economics Kisii University Library Kisii University Library 07/08/2025 108973   HF 5635 .H63 2008 000000018212 07/08/2025 2 07/08/2025 Long Loan Book On Display  
    Library of Congress Classification     Business & Economics Kisii University Library Kisii University Library 07/08/2025 108974   HF 5635 .H63 2008 000000018211 07/08/2025 3 07/08/2025 Long Loan Book On Display  
    Library of Congress Classification     Business & Economics Kisii University Library Kisii University Library 07/08/2025 108975 1 HF 5635 .H63 2008 000000018208 04/06/2026 4 07/08/2025 Long Loan Book On Display 03/20/2026
    Library of Congress Classification     Business & Economics Kisii University Library Kisii University Library 07/08/2025 108976   HF 5635 .H63 2008 000000018210 07/08/2025 5 07/08/2025 Long Loan Book On Display